Statistics for Fotbollslag som Zlatan Ibrahimović spelat för

Click here to take the quiz!

General Stats

  • This quiz has been taken 29 times
  • The average score is 12 of 14

Answer Stats

ÅrMatcherMålLag% Correct
2020–20236434AC Milan
95%
2010–20126142AC Milan
95%
2016–20183317Manchester United
95%
1989–1991 (juniorlag)Malmö BI
91%
1995–1999 (juniorlag)Malmö FF
91%
1999–20014016Malmö FF
91%
2001–20047435Ajax
86%
2009–20112916Barcelona
86%
2006–20098857Inter Milan
86%
2012–2016122113Paris Saint-Germain
86%
2001–2023 (landslag)12262Sverige
86%
2004–20067023Juventus
82%
2018–20195652LA Galaxy
73%
1991–1995 (juniorlag)FBK Balkan
23%

Score Distribution

Percentile by Number Answered

Percent of People with Each Score

Your Score History

You have not taken this quiz